000 00304nam a22001217a 4500
008 170628b xxu||||| |||| 00| 0 eng d
041 _aeng
080 _a82
100 _a21
101 _aGJL
245 _aWORLD LITERATURE ITALIAN FRENCH SPANIH GERMAN AND RUSSIAN
_cNOBLE,B
942 _2udc
_cBK
999 _c19392
_d19392